书目信息 |
| 题名: |
微生物学实验
|
|
| 作者: | 蔡尽忠 , 赵丽 主编 | |
| 分册: | ||
| 出版信息: | 大连 大连理工大学出版社 2018 |
|
| 页数: | 101页 | |
| 开本: | 26cm | |
| 丛书名: | ||
| 单 册: | ||
| 中图分类: | Q93-33 | |
| 科图分类: | ||
| 主题词: | 微生物学--wei sheng wu xue--实验--高等学校--教材 | |
| 电子资源: | ||
| ISBN: | 978-7-5685-1452-1 | |
| 000 | 00957nam0 2200265 450 | |
| 001 | 012001003190 | |
| 005 | 20140129134018.0 | |
| 010 | @a978-7-5685-1452-1@dCNY21.80 | |
| 099 | @aCAL 012019067461 | |
| 100 | @a20190523d2018 em y0chiy50 ea | |
| 101 | 0 | @achi |
| 102 | @aCN@b210000 | |
| 105 | @aak a 000yy | |
| 106 | @ar | |
| 200 | 1 | @a微生物学实验@Awei sheng wu xue shi yan@f主编蔡尽忠, 赵丽 |
| 210 | @a大连@c大连理工大学出版社@d2018 | |
| 215 | @a101页@c图@d26cm | |
| 320 | @a有书目 | |
| 330 | @a本书主要包含四部分内容:基础微生物学实验方法与技术、食品微生物学实验方法与技术、药学微生物学实验方法与技术、环境微生物学实验方法与技术。第一部分主要介绍微生物学实验的基本操作知识,后三部分为微生物学综合实验。 | |
| 606 | 0 | @a微生物学@Awei sheng wu xue@x实验@x高等学校@j教材 |
| 690 | @aQ93-33@v5 | |
| 701 | 0 | @a蔡尽忠@Acai jin zhong@4主编 |
| 701 | 0 | @a赵丽@Azhao li@4主编 |
| 801 | 0 | @aCN@b北京卓展@c20191020 |
| 905 | @b1210704-7@dQ93-33@e108@f4 | |
| 微生物学实验/主编蔡尽忠, 赵丽.-大连:大连理工大学出版社,2018 |
| 101页:图;26cm |
| ISBN 978-7-5685-1452-1:CNY21.80 |
| 本书主要包含四部分内容:基础微生物学实验方法与技术、食品微生物学实验方法与技术、药学微生物学实验方法与技术、环境微生物学实验方法与技术。第一部分主要介绍微生物学实验的基本操作知识,后三部分为微生物学综合实验。 |
| ● |
| 相关链接 |
|
|
|
|
正题名:微生物学实验
索取号:Q93-33/108
 
预约/预借
| 序号 | 登录号 | 条形码 | 馆藏地/架位号 | 状态 | 备注 |
| 1 | 1210704 | 212107049 | 第二样本阅览室/ [索取号:Q93-33/108] | 在馆 | |
| 2 | 1210705 | 212107058 | 第三借阅区/ [索取号:Q93-33/108] | 在馆 | |
| 3 | 1210706 | 212107067 | 第三借阅区/ [索取号:Q93-33/108] | 在馆 | |
| 4 | 1210707 | 212107076 | 第三借阅区/ [索取号:Q93-33/108] | 在馆 |